5HLuxD.jpg

KING HENRY VIII SENIOR AND PRIMARY SCHOOL LIBRARY OPAC

Cambridge international AS and A level physics : (Record no. 2592)

000 -LEADER
fixed length control field 01662nam a2200469 i 4500
001 - CONTROL NUMBER
control field 021018063
003 - CONTROL NUMBER IDENTIFIER
control field UkOxU
005 - DATE AND TIME OF LATEST TRANSACTION
control field 20230724111354.0
006 - FIXED-LENGTH DATA ELEMENTS--ADDITIONAL MATERIAL CHARACTERISTICS
fixed length control field m || | |
007 - PHYSICAL DESCRIPTION FIXED FIELD--GENERAL INFORMATION
fixed length control field co |||||||||||
008 - FIXED-LENGTH DATA ELEMENTS--GENERAL INFORMATION
fixed length control field 170328s2014 enka 001|0|eng|d
015 ## - NATIONAL BIBLIOGRAPHY NUMBER
National bibliography number GBB760551
Source bnb
020 ## - INTERNATIONAL STANDARD BOOK NUMBER
International Standard Book Number 9781107697690
Qualifying information paperback with CD-ROM
035 ## - SYSTEM CONTROL NUMBER
System control number (Uk)018285896
040 ## - CATALOGING SOURCE
Original cataloging agency StDuBDS
Language of cataloging eng
Description conventions rda
Transcribing agency StDuBDS
Modifying agency UkOxU
-- KH8
082 04 - DEWEY DECIMAL CLASSIFICATION NUMBER
Classification number 530.076 SAN
100 1# - MAIN ENTRY--PERSONAL NAME
Personal name Sang, David,
Relator term author.
245 10 - TITLE STATEMENT
Title Cambridge international AS and A level physics :
Remainder of title coursebook /
Statement of responsibility, etc. David Sang, Graham Jones, Gurinder Chadha and Richard Woodside.
250 ## - EDITION STATEMENT
Edition statement Second edition.
264 #1 - PRODUCTION, PUBLICATION, DISTRIBUTION, MANUFACTURE, AND COPYRIGHT NOTICE
Place of production, publication, distribution, manufacture Cambridge :
Name of producer, publisher, distributor, manufacturer Cambridge University Press,
Date of production, publication, distribution, manufacture, or copyright notice 2014.
264 #4 - PRODUCTION, PUBLICATION, DISTRIBUTION, MANUFACTURE, AND COPYRIGHT NOTICE
Date of production, publication, distribution, manufacture, or copyright notice ©2014
300 ## - PHYSICAL DESCRIPTION
Extent ix, 565 pages :
Other physical details illustrations ;
Dimensions 28 cm +
Accompanying material 1 CD-ROM
336 ## - CONTENT TYPE
Content type term text
Source rdacontent
337 ## - MEDIA TYPE
Media type term unmediated
Source rdamedia
337 ## - MEDIA TYPE
Media type term computer
Source rdamedia
338 ## - CARRIER TYPE
Carrier type term volume
Source rdacarrier
338 ## - CARRIER TYPE
Carrier type term volume
Source rdacarrier
338 ## - CARRIER TYPE
Carrier type term computer disc
Source rdacarrier
347 ## - DIGITAL FILE CHARACTERISTICS
File type text file
Source rda
500 ## - GENERAL NOTE
General note Includes index.
500 ## - GENERAL NOTE
General note "Cambridge International Examinations endorsed for full syllabus coverage"--Cover.
500 ## - GENERAL NOTE
General note Includes CD-ROM in pocket attached to inside back cover.
521 2# - TARGET AUDIENCE NOTE
Target audience note A-level.
521 2# - TARGET AUDIENCE NOTE
Target audience note AS.
650 #0 - SUBJECT ADDED ENTRY--TOPICAL TERM
Topical term or geographic name entry element Physics
Form subdivision Examinations, questions, etc.
650 #0 - SUBJECT ADDED ENTRY--TOPICAL TERM
Topical term or geographic name entry element Physics
General subdivision Examinations
Form subdivision Study guides.
700 1# - ADDED ENTRY--PERSONAL NAME
Personal name Jones, Graham
Relator term author.
700 1# - ADDED ENTRY--PERSONAL NAME
Personal name Chadha, Gurinder,
Dates associated with a name 1957-
Relator term author.
700 1# - ADDED ENTRY--PERSONAL NAME
Personal name Woodside, Richard,
Relator term author.
710 2# - ADDED ENTRY--CORPORATE NAME
Corporate name or jurisdiction name as entry element University of Cambridge.
Subordinate unit Local Examinations Syndicate.
-- International Examinations.
942 ## - ADDED ENTRY ELEMENTS (KOHA)
Source of classification or shelving scheme
Koha item type Teaching Resources
Holdings
Withdrawn status Lost status Source of classification or shelving scheme Damaged status Not for loan Collection code Permanent Location Current Location Shelving location Date acquired Full call number Barcode Date last seen Price effective from Koha item type Copy number
          Teaching Resources KH8 Senior School Library KH8 Senior School Library Staff Office 2023-07-24 530.076 SAN TRKHSL001123 2023-07-24 2023-07-24 Teaching Resources  
          Teaching Resources KH8 Senior School Library KH8 Senior School Library Staff Office 2023-07-24 530.076 SAN TRKHSL001125 2023-07-24 2023-07-24 Teaching Resources  
          Teaching Resources KH8 Senior School Library KH8 Senior School Library Staff Office 2023-07-24 530.076 SAN TRKHSL001127 2023-07-24 2023-07-24 Teaching Resources  
          Teaching Resources KH8 Senior School Library KH8 Senior School Library Staff Office 2023-07-24 530.076 SAN TRKHSL001128 2023-07-24 2023-07-24 Teaching Resources  
          Teaching Resources KH8 Senior School Library KH8 Senior School Library Staff Office 2023-07-24 530.076 SAN TRKHSL001129 2023-07-24 2023-07-24 Teaching Resources  
          Teaching Resources KH8 Senior School Library KH8 Senior School Library Staff Office 2023-07-24 530.076 SAN TRKHSL001124CD1 2023-07-24 2023-07-24 Teaching Resources CD-ROM
          Teaching Resources KH8 Senior School Library KH8 Senior School Library Staff Office 2023-07-24 530.076 SAN TRKHSL001125CD1 2023-07-24 2023-07-24 Teaching Resources CD-ROM
          Teaching Resources KH8 Senior School Library KH8 Senior School Library Staff Office 2023-07-24 530.076 SAN TRKHSL001129CD1 2023-07-24 2023-07-24 Teaching Resources CD-ROM
          Teaching Resources KH8 Senior School Library KH8 Senior School Library Staff Office 2023-07-24 530.076 SAN TRKHSL001130CD1 2023-07-24 2023-07-24 Teaching Resources CD-ROM
          Teaching Resources KH8 Senior School Library KH8 Senior School Library Staff Office 2023-07-24 530.076 SAN TRKHSL001131CD1 2023-07-24 2023-07-24 Teaching Resources CD-ROM
          Teaching Resources KH8 Senior School Library KH8 Senior School Library Staff Office 2023-08-17 530.076 SAN TRKHSL001131 2023-08-17 2023-08-17 Teaching Resources  
          Teaching Resources KH8 Senior School Library KH8 Senior School Library Staff Office 2025-06-03 530.076 SAN TRKHSL001130 2025-06-03 2025-06-03 Teaching Resources  
          Teaching Resources KH8 Senior School Library KH8 Senior School Library Staff Office 2025-06-10 530.076 SAN TRKHSL001132 2025-06-10 2025-06-10 Teaching Resources  

Powered By KH8 IT Dept